| 000 | 00509nam a2200145 a 4500 | ||
|---|---|---|---|
| 001 | 000015703 | ||
| 005 | 20200929164126.0 | ||
| 008 | 100217s1979 dr 001 0 spa d | ||
| 040 |
_aDO-SdBNP _bspa _cBNPHU |
||
| 082 |
_axxxx _bA627d |
||
| 245 | 0 | 0 | _aAnteproyecto para el desarrollo y administración de tres asentamientos del programa de reforma agraria de gobierno dominicano. |
| 260 |
_aSantiago de los Caballeros : _bInstituto Superior de Agricultura, _c1979. |
||
| 300 |
_a68 p. ; _c21 cm. |
||
| 049 | _aBNPD | ||
| 999 |
_c15255 _d15255 |
||